000 00792cam a22002651 4500
001 8887
003 BD-RjUL
005 20211208234655.0
008 140119r19621958xx 000 0 eng d
035 _a(BD-RjUL)8932
035 _a(OCoLC)972970
040 _aDLC
_cTxU-Da
_dDLC
_d(BD-RjUL)
_beng
041 _aeng
082 0 0 _a382
_bSNI
100 1 _aSnider, Delbert A.
_927623
245 1 0 _aIntroduction to international economics /
_cSnider, Delbert A.
250 _aRev. ed.
260 _aHomewood, Ill.,
_bR.D. Irwin,
_c1958. [Reprent 1962]
300 _a598 p. :
_bilus. ;
_c24 cm.
650 0 _aInternational economic relations.
_927625
650 0 _aInternational trade
_9131855
942 _2ddc
_cBK
999 _c8887
_d8887